000 00714nam a2200253 i 4500
001 C2-0254289
003 PPAK
005 20180727221923.0
008 040428s1987 my a|||| ||||| | may d
040 _aPPAK
_beng
_cPPAK
_erda
082 0 4 _a959.5
_223
090 0 0 _a959.5
_bARK
_dKK
090 0 0 _a959.5
_bARK
_dR
110 2 _aArkib Negara Malaysia
245 0 0 _aHari ini dalam sejarah 5
264 1 _aKuala Lumpur :
_bArkib Negara Malaysia ,
_c1987
300 _axi, 278 pages :
_billustrations ;
_c25 cm
336 _2rdacontent
_atext
337 _2rdamedia
_aunmediated
338 _2rdacarrier
_avolume
650 1 0 _aMalaysia - History
710 2 _aArkib Negara Malaysia
_eorganizer
942 _ddc
_cB
999 _c67037
_d67037